Pays ou capitale ? - Statistiques

Statistiques générales
  • Ce quiz a été pris 362 fois
  • Le résultat moyen est 12 sur 15
Statistiques - réponses
Question Réponse % Correct
Sri Jayawardenapura Kotte Capitale
97%
Suva Capitale
94%
Luxembourg Les deux
94%
Paris Capitale
89%
Liechtenstein Pays
89%
Saint Georges Capitale
86%
Tuvalu Pays
86%
Bhoutan Pays
86%
Bahreïn Pays
77%
Nicaragua Pays
77%
Sainte Lucie Pays
74%
Andorre Pays
69%
Koweït Les deux
51%
Djibouti Les deux
46%
Sao Tomé Capitale
40%
Aucun quiz correspondant
Distribution des résultats
% des personnes avec chaque résultat
Percentile par nombre de réponses
Votre historique - résultats
Vous n’avez pas pris ce quiz